"Only Fools and Horses" Trivia - Statistics

General Stats
  • This quiz has been taken 3,385 times
  • The average score is 11 of 13
Answer Stats
Hint Answer % Correct
Name of the older Trotter brother Derek
100%
Name of the younger Trotter brother Rodney
99%
What colour was the 3-wheeled van owned by the Trotters? Yellow
95%
District of London where the Trotters live Peckham
94%
Trotters' Independent _______ Traders
94%
Character played by Buster Merryfield Uncle Albert
92%
"This time next year, we'll be ____________" Millionaires
91%
Name of the local pub The Nag's Head
91%
Name of Derek and Raquel's child Damien
90%
What was the name of the block of flats where they lived? ______ _______ House Nelson Mandela
90%
The episode set in the USA was called: _____ Twice Miami
80%
What did the Trotters smuggle from Amsterdam? Diamonds
79%
Granddad wanted an _______ burger, not a cheese burger. Emperor
47%
No matching quizzes found
Score Distribution
Percent of People with Each Score
Percentile by Number Answered
Your Score History
You have not taken this quiz